00641nam a22001577a 4500020001600000082001000016100001600026245015200042260003400194300002700228650003000255700002900285942001300314999001900327952013700346 qHard Cover. a570.2 aAzka Iqbal. aModelling of Variables of Leukemia by Analyzing Complete Blood Count Reports of Normal and Disease Cases;bA Case Study of Pakistan /cIqbal, Azka aIslamabad:bRCMS-NUST,c2021. a57 p. :bill, ;c30cm. aMS Bioinformatics.981486 aDr. Zamir Hussain981484 2ddccTHE c586193d586193 00102ddc406570_200000000000000_IQB709573727aRCMSbRCMScTHEd2021-08-23l0o570.2 IQBpRCMS003267r2021-08-23w2021-08-23yREF